[Event "Bhubaneswar op-A 14th"]
[Site "Bhubaneswar"]
[Date "2023.06.13"]
[Round "4"]
[White "Talla, Nischal"]
[Black "Guru, Prakash"]
[Result "1-0"]
[WhiteElo "1422"]
[BlackElo "1608"]
[PlyCount "67"]
[EventDate "2023.06.11"]
[EventType "swiss"]
[EventRounds "10"]
[EventCountry "IND"]
[SourceTitle "CBM 214 Extra"]
[Source "ChessBase"]
[SourceDate "2023.07.31"]
[SourceVersion "1"]
[SourceVersionDate "2023.07.31"]
[SourceQuality "1"]

1. e4 c5 2. Nf3 e6 3. d3 Nc6 4. g3 g6 5. Bg2 Bg7 6. 0-0 Nge7 7. Re1 d6 8. Nbd2 Qc7 9. c3 0-0 10. Nf1 b5 11. d4 c4 12. b3 cxb3 13. axb3 Rb8 14. Bb2 a5 15. Ne3 Rd8 16. Qc2 Qb6 17. Red1 Bd7 18. Bf1 Rdc8 19. Qd2 Bh6 20. g4 Bg7 21. g5 d5 22. e5 Nf5 23. Ng4 b4 24. c4 dxc4 25. bxc4 Rd8 26. Nf6+ Kh8 27. Qf4 Nce7 28. Qg4 Bb5 29. Qh3 h5 30. gxh6 Bxh6 31. d5 Kg7 32. d6 Ng8 33. Bc1 Bxc1 34. Raxc1 1-0

[Event "Vrindavana MMT op"]
[Site "Mathura"]
[Date "2023.04.23"]
[Round "2"]
[White "Sharma, Harish1111"]
[Black "Talla, Nischal"]
[Result "1-0"]
[WhiteElo "2033"]
[BlackElo "1446"]
[PlyCount "53"]
[EventDate "2023.04.23"]
[EventType "swiss"]
[EventRounds "9"]
[EventCountry "IND"]
[SourceTitle "CBM 213 Extra"]
[Source "ChessBase"]
[SourceDate "2023.05.31"]
[SourceVersion "1"]
[SourceVersionDate "2023.05.31"]
[SourceQuality "1"]

1. e4 c5 2. Nf3 e6 3. d4 cxd4 4. Nxd4 Nc6 5. Nb5 Nf6 6. Bf4 e5 7. Bg5 Qa5+ 8. Qd2 Bb4 9. c3 Nxe4 10. cxb4 Nxb4 11. Nd6+ Nxd6 12. Qxd6 Nd3+ 13. Ke2 Nf4+ 14. Bxf4 exf4 15. Nc3 Qa6+ 16. Qxa6 bxa6 17. Nd5 0-0 18. Nxf4 d5 19. Nxd5 Bb7 20. Ne3 f5 21. f3 Rac8 22. Kf2 f4 23. Nc4 Rfd8 24. Be2 Bd5 25. Rhd1 Bxc4 26. Bxc4+ Kf8 27. b3 1-0